[Event "26th Chicago Open"]
[Site "Wheeling, IL"]
[Date "2017.05.28"]
[Round "6.26"]
[White "Larrua, Fernando"]
[Black "Whaley, Davis"]
[Result "0-1"]
[WhiteElo "2367"]
[BlackElo "2185"]
[PlyCount "75"]
[EventDate "2017.05.??"]
[EventType "swiss"]
[EventRounds "9"]
[EventCountry "USA"]

1. Nf3 d5 2. g3 c6 3. Bg2 Bg4 4. d3 Nd7 5. O-O Ngf6 6. Nbd2 e5 7. e4 dxe4 8.
Nxe4 Nxe4 9. dxe4 Be7 10. a4 a5 11. Be3 O-O 12. Qd3 Qc7 13. h3 Bxf3 14. Bxf3
Bc5 15. Rfd1 Rad8 16. Bxc5 Nxc5 17. Qc4 Qb6 18. Qc3 Ne6 19. Rxd8 Rxd8 20. Qxe5
Nd4 21. Kg2 Nxc2 22. Rd1 g6 23. Qe7 Rxd1 24. Bxd1 Ne1+ 25. Kf1 Nd3 26. Qf6 Nxb2
27. Be2 Nxa4 28. e5 Nc5 29. Kg2 Ne6 30. Qe7 Qc7 31. Qe8+ Kg7 32. Qa8 Qxe5 33.
Bf3 Qb5 34. h4 Nd4 35. Be4 Qe2 36. Qe8 Ne6 37. Bf3 Nf4+ 38. gxf4 0-1

[Event "26th Chicago Open"]
[Site "Wheeling, IL"]
[Date "2017.05.28"]
[Round "6.27"]
[White "Thavandiran, Shiyam"]
[Black "Furfine, Jacob"]
[Result "1/2-1/2"]
[WhiteElo "2363"]
[BlackElo "2191"]
[PlyCount "46"]
[EventDate "2017.05.??"]
[EventType "swiss"]
[EventRounds "9"]
[EventCountry "USA"]

1. e4 c6 2. d4 d5 3. f3 e6 4. Nc3 Bb4 5. Bf4 Nf6 6. Qd3 b6 7. Nge2 Ba6 8. Qe3
c5 9. O-O-O O-O 10. Bg5 cxd4 11. Nxd4 Bxc3 12. Qxc3 Nxe4 13. fxe4 Qxg5+ 14. Kb1
dxe4 15. h4 Qc5 16. Qxc5 bxc5 17. Nb3 Bxf1 18. Rhxf1 c4 19. Nc5 Nc6 20. Nxe4
Rfd8 21. Nd6 Ne5 22. Rd4 Rd7 23. Rfd1 Rad8 1/2-1/2

[Event "26th Chicago Open"]
[Site "Wheeling, IL"]
[Date "2017.05.28"]
[Round "6.30"]
[White "Posthuma, Joshua"]
[Black "Mathur, Rithwik"]
[Result "1-0"]
[WhiteElo "2268"]
[BlackElo "2073"]
[PlyCount "149"]
[EventDate "2017.05.??"]
[EventType "swiss"]
[EventRounds "9"]
[EventCountry "USA"]

1. b3 e5 2. Bb2 Nc6 3. e3 Nf6 4. Bb5 Bd6 5. Na3 a6 6. Bxc6 dxc6 7. Nc4 Qe7 8.
Ne2 O-O 9. O-O Bg4 10. f3 Bf5 11. f4 exf4 12. Nxd6 Qxd6 13. Rxf4 Bg6 14. Bxf6
gxf6 15. Ng3 Rad8 16. Ne4 Bxe4 17. Rxe4 f5 18. Rd4 Qe5 19. c3 c5 20. Rh4 Qf6
21. Qh5 Qg6 22. Qe2 Kh8 23. Rf1 Rg8 24. Rf3 Qg5 25. Rhf4 Rd5 26. Qf2 Rgd8 27.
Rxf5 Qg6 28. Rxd5 Qb1+ 29. Qf1 Qxf1+ 30. Kxf1 Rxd5 31. Rxf7 Rxd2 32. Rxc7 b6
33. Rc6 Rxa2 34. Rxb6 Rb2 35. c4 Ra2 36. Rc6 Rb2 37. Rxa6 Rxb3 38. Rc6 Rxe3 39.
Rxc5 Kg7 40. Rc7+ Kg6 41. c5 Rc3 42. c6 h5 43. Rc8 Kg7 44. Kf2 h4 45. h3 Kh7
46. c7 Kg7 47. Re8 Rxc7 48. Re4 Rc2+ 49. Kg1 Kg6 50. Rxh4 Kf5 51. Ra4 Kg5 52.
Kh2 Kh5 53. h4 Rb2 54. Kh3 Rb3+ 55. g3 Rc3 56. Ra5+ Kg6 57. h5+ Kh6 58. Kh4
Rc4+ 59. g4 Rb4 60. Ra6+ Kh7 61. h6 Rc4 62. Kh5 Rc5+ 63. g5 Rb5 64. Ra7+ Kh8
65. Kg6 Rb6+ 66. Kf7 Rc6 67. Re7 Kh7 68. Re6 Rc7+ 69. Kf6 Rc8 70. Re7+ Kh8 71.
g6 Ra8 72. g7+ Kg8 73. Re6 Rb8 74. Kg6 Rb6 75. h7# 1-0

[Event "26th Chicago Open"]
[Site "Wheeling, IL"]
[Date "2017.05.28"]
[Round "6.31"]
[White "Kelly, Joey"]
[Black "Li, Ben"]
[Result "0-1"]
[WhiteElo "2039"]
[BlackElo "2263"]
[PlyCount "48"]
[EventDate "2017.05.??"]
[EventType "swiss"]
[EventRounds "9"]
[EventCountry "USA"]

1. d4 d5 2. c4 e6 3. Nc3 Nf6 4. Nf3 c6 5. e3 Nbd7 6. Qc2 b6 7. b3 Bb7 8. Bb2
Rc8 9. Bd3 c5 10. O-O dxc4 11. Bxc4 Bxf3 12. gxf3 cxd4 13. exd4 Bd6 14. Nb5 Bb8
15. Qd2 Ne5 16. Be2 Qd5 17. Rfc1 O-O 18. Rxc8 Rxc8 19. Rc1 Rd8 20. Rc3 Ng6 21.
Kf1 Ng4 22. Qc2 Nxh2+ 23. Ke1 Nh4 24. Qd3 N4xf3+ 0-1

[Event "26th Chicago Open"]
[Site "Wheeling, IL"]
[Date "2017.05.28"]
[Round "6.34"]
[White "Huang, Andy"]
[Black "Ishkanov, Tigran"]
[Result "1/2-1/2"]
[WhiteElo "2165"]
[BlackElo "2271"]
[PlyCount "100"]
[EventDate "2017.05.??"]
[EventType "swiss"]
[EventRounds "9"]
[EventCountry "USA"]

1. e4 c5 2. Nf3 e6 3. d4 cxd4 4. Nxd4 Nc6 5. Nc3 Qc7 6. g3 a6 7. Bg2 Nf6 8. O-O
Nxd4 9. Qxd4 Bc5 10. Bf4 d6 11. Qd2 h6 12. Rad1 e5 13. Be3 Be6 14. Bxc5 dxc5
15. f4 O-O 16. Nd5 Bxd5 17. exd5 e4 18. Rfe1 Rfe8 19. c4 Qd7 20. Re2 Qf5 21. b3
h5 22. h3 b6 23. Rde1 g6 24. b4 Rac8 25. bxc5 bxc5 26. Qa5 h4 27. g4 Qxf4 28.
Qxa6 Qe5 29. Rf2 Nh7 30. Rxe4 Qa1+ 31. Rf1 Qc3 32. d6 Rcd8 33. Qb6 Ng5 34. Re7
Qd4+ 35. Kh1 Rf8 36. d7 Rxd7 37. Rxd7 Qxd7 38. Qxc5 Ne6 39. Qf2 Qd3 40. c5 g5
41. Qf6 Qc4 42. Rf5 Qxa2 43. Rxg5+ Nxg5 44. Qxg5+ Kh8 45. Qxh4+ Kg7 46. Qg5+
Kh8 47. Qf6+ Kg8 48. Qg5+ Kh8 49. Qf6+ Kg8 50. Qg5+ Kh8 1/2-1/2

[Event "26th Chicago Open"]
[Site "Wheeling, IL"]
[Date "2017.05.28"]
[Round "6.35"]
[White "Gorti, Akshita"]
[Black "Guo, Arthur"]
[Result "1-0"]
[WhiteElo "2240"]
[BlackElo "2122"]
[PlyCount "95"]
[EventDate "2017.05.??"]
[EventType "swiss"]
[EventRounds "9"]
[EventCountry "USA"]

1. d4 Nf6 2. c4 e6 3. Nf3 Bb4+ 4. Nbd2 Nc6 5. a3 Bxd2+ 6. Qxd2 O-O 7. e3 d6 8.
b4 a5 9. b5 Ne7 10. Be2 Ng6 11. Bb2 Qe7 12. a4 Re8 13. O-O b6 14. Qc2 Bb7 15.
Rac1 Ne4 16. Bd3 f5 17. Ba3 Rad8 18. Rfd1 Ng5 19. Nxg5 Qxg5 20. f4 Qf6 21. c5
Bd5 22. Bf1 Nh4 23. cxd6 cxd6 24. Qf2 Kh8 25. Qg3 h6 26. Rd2 Rg8 27. Bc4 Be4
28. d5 Kh7 29. dxe6 Qe7 30. Bd3 Ba8 31. Rdc2 Qxe6 32. Bc4 d5 33. Bb3 Qe4 34.
Bb2 Ng6 35. Bd4 Qe6 36. h4 Rd7 37. Rc3 Nh8 38. Rc7 Nf7 39. Rxd7 Qxd7 40. h5 g6
41. Bxb6 gxh5 42. Rc7 Qe6 43. Qh3 Qxb6 44. Rxf7+ Kh8 45. Rxf5 Re8 46. Qxh5
Qxe3+ 47. Kh2 Qe7 48. Re5 1-0

[Event "26th Chicago Open"]
[Site "Wheeling, IL"]
[Date "2017.05.28"]
[Round "6.36"]
[White "Lin, Andy"]
[Black "Ghatti, Sanjay"]
[Result "1/2-1/2"]
[WhiteElo "2147"]
[BlackElo "2235"]
[PlyCount "44"]
[EventDate "2017.05.??"]
[EventType "swiss"]
[EventRounds "9"]
[EventCountry "USA"]

1. Nf3 d5 2. g3 e6 3. Bg2 Nf6 4. O-O Be7 5. d4 O-O 6. c4 dxc4 7. Ne5 Nc6 8.
Bxc6 bxc6 9. Nxc6 Qe8 10. Nxe7+ Qxe7 11. Qa4 e5 12. dxe5 Qxe5 13. Nc3 Ne4 14.
Qxc4 Nxc3 15. Qxc3 Qxe2 16. Re1 Qh5 17. Re5 Qd1+ 18. Re1 Qd5 19. Re5 Qd1+ 20.
Re1 Qd5 21. Re5 Qd1+ 22. Re1 Qd5 1/2-1/2

[Event "26th Chicago Open"]
[Site "Wheeling, IL"]
[Date "2017.05.28"]
[Round "6.37"]
[White "Lehmann, Spencer"]
[Black "Zhang, Chao"]
[Result "1/2-1/2"]
[WhiteElo "2137"]
[BlackElo "2229"]
[PlyCount "71"]
[EventDate "2017.05.??"]
[EventType "swiss"]
[EventRounds "9"]
[EventCountry "USA"]

1. d4 Nf6 2. c4 e6 3. Nc3 d5 4. cxd5 exd5 5. Bg5 c6 6. e3 h6 7. Bh4 Bf5 8. Qf3
Bg6 9. Bxf6 Qxf6 10. Qxf6 gxf6 11. Nf3 Nd7 12. Kd2 f5 13. Bd3 Nf6 14. Ne1 Ne4+
15. Nxe4 fxe4 16. Be2 Bb4+ 17. Kc2 Rc8 18. a3 Be7 19. b4 O-O 20. Kd2 Ra8 21.
Nc2 a5 22. Rhb1 axb4 23. axb4 Rfc8 24. Kc3 Bf5 25. Rxa8 Rxa8 26. Ra1 Rxa1 27.
Nxa1 Bd6 28. g3 Bd7 29. Nb3 b6 30. Ba6 Kg7 31. Bb7 f5 32. b5 cxb5 33. Bxd5 b4+
34. Kb2 Bb5 35. Nd2 Ba4 36. Nc4 1/2-1/2

[Event "26th Chicago Open"]
[Site "Wheeling, IL"]
[Date "2017.05.28"]
[Round "6.38"]
[White "Wang, Michael"]
[Black "Wang, Xiexin"]
[Result "1-0"]
[WhiteElo "2224"]
[BlackElo "2000"]
[PlyCount "63"]
[EventDate "2017.05.??"]
[EventType "swiss"]
[EventRounds "9"]
[EventCountry "USA"]

1. e4 e6 2. d4 d5 3. Nd2 Nf6 4. e5 Nfd7 5. Bd3 c5 6. c3 Nc6 7. Ne2 cxd4 8. cxd4
f6 9. Nf4 Nxd4 10. Qh5+ Ke7 11. Ng6+ hxg6 12. exf6+ Nxf6 13. Qxh8 Kf7 14. O-O
e5 15. Nb3 Nxb3 16. axb3 Bf5 17. Bxf5 gxf5 18. Bg5 a6 19. Rac1 Bd6 20. Qh3 Qd7
21. Bxf6 Kxf6 22. Rfd1 e4 23. Qh4+ Ke6 24. Qg5 Rf8 25. f3 Rf6 26. Kh1 b5 27.
Rc2 Qa7 28. fxe4 dxe4 29. Rc6 Ke5 30. Rcxd6 Rxd6 31. Qg3+ f4 32. Qg5+ 1-0

[Event "26th Chicago Open"]
[Site "Wheeling, IL"]
[Date "2017.05.28"]
[Round "6.39"]
[White "Betaneli, Aleksandr"]
[Black "Wang, Jason"]
[Result "1/2-1/2"]
[WhiteElo "2218"]
[BlackElo "2016"]
[PlyCount "73"]
[EventDate "2017.05.??"]
[EventType "swiss"]
[EventRounds "9"]
[EventCountry "USA"]

1. d4 d5 2. Nf3 c5 3. e3 Nf6 4. Be2 Nc6 5. O-O e6 6. Nbd2 Qc7 7. c4 cxd4 8.
exd4 dxc4 9. Nxc4 Be7 10. Be3 O-O 11. Rc1 Qb8 12. a3 Rd8 13. Bd3 Bd7 14. Bb1
Nd5 15. Bg5 h6 16. Bxe7 Ncxe7 17. Nce5 Bb5 18. Re1 Qd6 19. Qc2 Nf6 20. Qc7 Bc6
21. Qxd6 Rxd6 22. Ba2 Ne8 23. Bb3 Bxf3 24. Nxf3 Nc6 25. Ba4 Nxd4 26. Nxd4 Rxd4
27. Bxe8 Rxe8 28. Rc7 Rb8 29. Kf1 a6 30. Re3 Rd6 31. Rf3 f5 32. Rg3 g5 33. Rgc3
Rb6 34. Re7 Rd8 35. Rcc7 Rxb2 36. Rg7+ Kh8 37. Rh7+ 1/2-1/2

[Event "26th Chicago Open"]
[Site "Wheeling, IL"]
[Date "2017.05.28"]
[Round "6.40"]
[White "Balleisen, Aaron"]
[Black "Tsay, Vincent"]
[Result "1-0"]
[WhiteElo "2217"]
[BlackElo "1980"]
[PlyCount "95"]
[EventDate "2017.05.??"]
[EventType "swiss"]
[EventRounds "9"]
[EventCountry "USA"]

1. d4 Nf6 2. c4 g6 3. Nc3 Bg7 4. e4 d6 5. f3 O-O 6. Nge2 Nbd7 7. Be3 c5 8. Qd2
e6 9. Ng3 h5 10. Be2 h4 11. Nf1 Qa5 12. Nb5 Qxd2+ 13. Nxd2 cxd4 14. Bxd4 Ne8
15. Bxg7 Kxg7 16. Nb3 a6 17. Nc3 Kf6 18. Kf2 Ke7 19. Rhd1 b6 20. Rd2 Bb7 21.
Rad1 Rc8 22. f4 f5 23. e5 g5 24. exd6+ Kf6 25. fxg5+ Kxg5 26. c5 bxc5 27. Bc4
Kf6 28. Na5 Be4 29. Nxe4+ fxe4 30. Ke3 Ke5 31. Bxa6 Ra8 32. Nc4+ Kf5 33. Rf2+
Kg5 34. Rxf8 Nxf8 35. Bb7 Rd8 36. Bxe4 Nd7 37. Bc6 Nef6 38. Bxd7 Rxd7 39. Ne5
Ng4+ 40. Nxg4 Kxg4 41. Ke4 h3 42. gxh3+ Kxh3 43. Ke5 Kxh2 44. Kxe6 Rd8 45. d7
Rb8 46. d8=Q Rxb2 47. Qh8+ Kg3 48. Rd3+ 1-0

[Event "26th Chicago Open"]
[Site "Wheeling, IL"]
[Date "2017.05.28"]
[Round "6.41"]
[White "Proleiko, Julian"]
[Black "Studen, Damir"]
[Result "1/2-1/2"]
[WhiteElo "2119"]
[BlackElo "2212"]
[PlyCount "138"]
[EventDate "2017.05.??"]
[EventType "swiss"]
[EventRounds "9"]
[EventCountry "USA"]

1. d4 d5 2. c4 c6 3. Nc3 Nf6 4. e3 e6 5. b3 Bb4 6. Bb2 Ne4 7. Nge2 f5 8. a3 Bd6
9. g3 O-O 10. Bg2 Qg5 11. Nf4 Qe7 12. O-O Nxc3 13. Bxc3 Nd7 14. Qe2 g5 15. Nd3
g4 16. Bb4 a5 17. Bxd6 Qxd6 18. Qc2 b6 19. Rfc1 Ba6 20. Qc3 Rfc8 21. c5 bxc5
22. Nxc5 Nxc5 23. Qxc5 Qxc5 24. Rxc5 Bb7 25. Bf1 Kf7 26. Rb1 Ke7 27. a4 Kd6 28.
Rb2 Rc7 29. Bd3 Bc8 30. Kf1 Rb7 31. Ke1 e5 32. Kd2 f4 33. gxf4 exf4 34. exf4
Rf7 35. Rbc2 Bd7 36. f5 Rb8 37. R2c3 Rb6 38. Rxa5 Bxf5 39. Ra6 Rxa6 40. Bxa6
Bd7 41. Ke1 Rf4 42. Rd3 Bf5 43. Rd2 Rf3 44. Rb2 Rh3 45. a5 Rxh2 46. Be2 Rh1+
47. Kd2 Ra1 48. b4 h5 49. b5 Rxa5 50. b6 Ra8 51. Ke3 Rb8 52. Kf4 Bd7 53. Kg5
Be8 54. Ba6 c5 55. dxc5+ Kxc5 56. b7 d4 57. Rc2+ Kb6 58. Rc8 Ka7 59. Kh4 Bg6
60. Rc6 Be4 61. Rd6 Bf3 62. Bd3 Rxb7 63. Rxd4 Rb2 64. Kg3 Rd2 65. Ra4+ Kb6 66.
Bg6 h4+ 67. Kxh4 Rxf2 68. Bh5 Rh2+ 69. Kg5 Kc5 1/2-1/2

[Event "26th Chicago Open"]
[Site "Wheeling, IL"]
[Date "2017.05.28"]
[Round "6.42"]
[White "Ulrich, Rachel"]
[Black "Kogen, Jonathan"]
[Result "1/2-1/2"]
[WhiteElo "2073"]
[BlackElo "2212"]
[PlyCount "119"]
[EventDate "2017.05.??"]
[EventType "swiss"]
[EventRounds "9"]
[EventCountry "USA"]

1. e4 e5 2. Nf3 Nc6 3. Bb5 a6 4. Ba4 Nf6 5. O-O Be7 6. Re1 b5 7. Bb3 O-O 8. c3
d5 9. exd5 Nxd5 10. Nxe5 Nxe5 11. Rxe5 c6 12. d3 Bd6 13. Re1 Bf5 14. Qf3 Qd7
15. Bxd5 cxd5 16. Bf4 Bxf4 17. Qxf4 Bxd3 18. Nd2 Rae8 19. Re3 Bc2 20. Rae1 Re6
21. Nf3 Re4 22. Rxe4 dxe4 23. Nd4 Bd3 24. Qf5 Qxf5 25. Nxf5 g6 26. Ne7+ Kg7 27.
Nd5 Rd8 28. Nb4 a5 29. Nc6 Ra8 30. Ne5 Kf6 31. Nxd3 exd3 32. f3 b4 33. Rd1 bxc3
34. bxc3 Rb8 35. a4 Rb3 36. Rxd3 Ra3 37. Rd4 Ke6 38. Rc4 Kd5 39. Rc7 Ke6 40.
Rc6+ Ke7 41. Rc4 Ra2 42. h4 h5 43. Kh2 Ke6 44. Kg3 Kd5 45. Rc7 Rxa4 46. Rxf7
Ke6 47. Rg7 Kf6 48. Ra7 Ra2 49. c4 Rc2 50. Ra6+ Kg7 51. Rxa5 Rxc4 52. Re5 Rc6
53. Kh3 Rc3 54. Kh2 Rc2 55. Kg1 Ra2 56. Kf1 Rb2 57. Re2 Rb4 58. g3 Rb7 59. Kf2
Rd7 60. Re3 1/2-1/2

[Event "26th Chicago Open"]
[Site "Wheeling, IL"]
[Date "2017.05.28"]
[Round "6.43"]
[White "Guddanti, Harshita"]
[Black "Kumar, Aravind"]
[Result "0-1"]
[WhiteElo "2007"]
[BlackElo "2186"]
[PlyCount "84"]
[EventDate "2017.05.??"]
[EventType "swiss"]
[EventRounds "9"]
[EventCountry "USA"]

1. e4 e6 2. d4 d5 3. Nc3 Bb4 4. e5 Qd7 5. a3 Bxc3+ 6. bxc3 b6 7. Qg4 f5 8. Qg3
Ba6 9. Bxa6 Nxa6 10. a4 Nb8 11. a5 Nc6 12. axb6 cxb6 13. Nh3 h6 14. Nf4 g5 15.
Ne2 O-O-O 16. Qd3 Na5 17. f4 g4 18. Qa6+ Kb8 19. O-O Nc4 20. Ba3 Ne7 21. Rfb1
Nc6 22. Nc1 Qc8 23. Qa4 Rh7 24. Nd3 Ka8 25. Bc1 Rb7 26. Rb5 Rc7 27. Qa2 N6a5
28. Rb4 h5 29. Ra4 h4 30. Ne1 Qd7 31. Nd3 Qe8 32. Nb2 g3 33. h3 Qh5 34. Kf1
Rdc8 35. Ke1 Nxb2 36. Bxb2 Qh6 37. Bc1 Rxc3 38. Rxa5 bxa5 39. Qxa5 Qg7 40. Ba3
Qc7 41. Qa4 Re3+ 42. Kd1 Qc3 0-1

[Event "26th Chicago Open"]
[Site "Wheeling, IL"]
[Date "2017.05.28"]
[Round "6.44"]
[White "Padhya, Saumil"]
[Black "Titus, Andrew"]
[Result "0-1"]
[WhiteElo "2254"]
[BlackElo "2129"]
[PlyCount "114"]
[EventDate "2017.05.??"]
[EventType "swiss"]
[EventRounds "9"]
[EventCountry "USA"]

1. e4 c5 2. Nf3 d6 3. d4 cxd4 4. Nxd4 Nf6 5. Nc3 a6 6. Be2 e6 7. Be3 Nbd7 8. f4
b5 9. Bf3 Bb7 10. e5 Bxf3 11. Qxf3 dxe5 12. Nc6 e4 13. Nxe4 Qc7 14. f5 Nxe4 15.
Qxe4 Nf6 16. Qf3 Rc8 17. Na7 Rd8 18. fxe6 fxe6 19. Nc6 Rd5 20. Nd4 Bb4+ 21. c3
Bxc3+ 22. bxc3 Qxc3+ 23. Kf2 Rxd4 24. Rac1 Ng4+ 25. Kg3 Qxe3 26. Rc8+ Rd8 27.
Rxd8+ Kxd8 28. Rd1+ Ke7 29. Kxg4 h5+ 30. Kg3 Qxf3+ 31. Kxf3 Rc8 32. Rd2 Rc4 33.
Ke3 a5 34. Kd3 a4 35. Rb2 Rc5 36. Kd4 Kd6 37. Ke4 Rc4+ 38. Kd3 Rc5 39. Ke4 g6
40. g3 e5 41. Rd2+ Ke6 42. Rb2 Rc4+ 43. Kd3 Rd4+ 44. Ke3 b4 45. Rb1 Rc4 46. Rb2
Kd5 47. Rd2+ Rd4 48. Rb2 Re4+ 49. Kf3 Rc4 50. Rd2+ Rd4 51. Rb2 Kc4 52. Rc2+ Kd3
53. Rc6 e4+ 54. Kf2 b3 55. axb3 axb3 56. Rb6 Kc2 57. Ke3 Rc4 0-1

[Event "26th Chicago Open"]
[Site "Wheeling, IL"]
[Date "2017.05.28"]
[Round "6.46"]
[White "Mills, James"]
[Black "Jayaraman, Aravind"]
[Result "0-1"]
[WhiteElo "2097"]
[BlackElo "2178"]
[PlyCount "98"]
[EventDate "2017.05.??"]
[EventType "swiss"]
[EventRounds "9"]
[EventCountry "USA"]

1. c4 e5 2. Nc3 Bb4 3. Nf3 Bxc3 4. bxc3 d6 5. g3 f5 6. Bg2 Nf6 7. O-O O-O 8. d3
Qe8 9. Rb1 Nc6 10. d4 Qh5 11. c5 e4 12. Ng5 h6 13. Nh3 g5 14. f4 g4 15. Nf2
dxc5 16. Qb3+ Qf7 17. Qxf7+ Rxf7 18. dxc5 b6 19. Be3 Ba6 20. Rb2 Rd7 21. Rd1
Rxd1+ 22. Nxd1 Rd8 23. Nf2 Nd5 24. Nd1 Nde7 25. Nf2 Na5 26. Bd4 Nd5 27. e3 Nc4
28. Re2 Ne5 29. Rb2 Nd7 30. cxb6 axb6 31. Bf1 Bxf1 32. Kxf1 c5 33. c4 cxd4 34.
cxd5 d3 35. Ke1 Kf7 36. Nd1 Rc8 37. Kd2 Rc5 38. Nc3 Ke7 39. Na4 Rc8 40. Nxb6
Nxb6 41. Rxb6 Rc2+ 42. Kd1 Re2 43. a4 Rxe3 44. Rb3 Rf3 45. Ra3 d2 46. Rxf3 exf3
47. Kxd2 Kd6 48. Ke3 Kxd5 49. a5 Kc6 0-1

[Event "26th Chicago Open"]
[Site "Wheeling, IL"]
[Date "2017.05.28"]
[Round "7.5"]
[White "Li, Ruifeng"]
[Black "Liang, Awonder"]
[Result "1/2-1/2"]
[WhiteElo "2574"]
[BlackElo "2488"]
[PlyCount "70"]
[EventDate "2017.05.??"]
[EventType "swiss"]
[EventRounds "9"]
[EventCountry "USA"]

1. e4 e5 2. Nf3 Nc6 3. Bc4 Bc5 4. c3 Nf6 5. d3 d6 6. h3 a6 7. Bb3 Ba7 8. Nbd2
O-O 9. Nf1 d5 10. Qe2 dxe4 11. dxe4 Qe7 12. Ng3 Be6 13. Bc2 Ne8 14. Nf5 Bxf5
15. exf5 Nf6 16. Bg5 e4 17. Nh2 h6 18. Bh4 e3 19. fxe3 Bxe3 20. Ng4 Bg5 21.
Bxg5 Qxe2+ 22. Kxe2 hxg5 23. Kf3 Rfe8 24. Rhe1 Nxg4 25. Kxg4 Rxe1 26. Rxe1 f6
27. Rd1 Kf8 28. Kg3 Ne5 29. Rd4 Ke7 30. h4 Rd8 31. hxg5 fxg5 32. Rxd8 Kxd8 33.
Kf2 Ke7 34. Ke3 Kd6 35. b4 b6 1/2-1/2

[Event "26th Chicago Open"]
[Site "Wheeling, IL"]
[Date "2017.05.28"]
[Round "7.6"]
[White "Popilski, Gil"]
[Black "Mitkov, Nikola"]
[Result "1/2-1/2"]
[WhiteElo "2544"]
[BlackElo "2454"]
[PlyCount "27"]
[EventDate "2017.05.??"]
[EventType "swiss"]
[EventRounds "9"]
[EventCountry "USA"]

1. e4 e5 2. Nf3 Nc6 3. Nc3 Nf6 4. Bb5 Nd4 5. Ba4 Bc5 6. d3 c6 7. O-O O-O 8. h3
Re8 9. Nxd4 exd4 10. Ne2 d5 11. exd5 Nxd5 12. Ng3 h6 13. Qf3 Qf6 14. Qxf6
1/2-1/2

[Event "26th Chicago Open"]
[Site "Wheeling, IL"]
[Date "2017.05.28"]
[Round "7.9"]
[White "Grabinsky, Aaron"]
[Black "Belous, Vladimir"]
[Result "0-1"]
[WhiteElo "2351"]
[BlackElo "2587"]
[PlyCount "172"]
[EventDate "2017.05.??"]
[EventType "swiss"]
[EventRounds "9"]
[EventCountry "USA"]

1. d4 Nf6 2. Bf4 g6 3. e3 Bg7 4. Nf3 O-O 5. Be2 c5 6. c3 b6 7. Nbd2 Bb7 8. O-O
d6 9. h3 Nbd7 10. a4 a6 11. Bh2 Qc7 12. Bd3 cxd4 13. cxd4 Nd5 14. Rc1 Qb8 15.
Qb3 a5 16. Bb5 Qd8 17. Bc6 Bxc6 18. Rxc6 Nb4 19. Rcc1 Nf6 20. Nb1 Qd7 21. Na3
Rac8 22. Nd2 Rc6 23. Rxc6 Qxc6 24. Nb5 Ne4 25. Nxe4 Qxe4 26. Rc1 Nd3 27. Rd1
Rc8 28. Nc3 Qf5 29. Qc2 Nb4 30. Qxf5 gxf5 31. g4 fxg4 32. hxg4 Rc4 33. Kf1 Bf6
34. Ke2 h6 35. f3 Kg7 36. Bg3 Rc8 37. Bh2 Kg6 38. Bg3 Rh8 39. Rh1 Rc8 40. Rd1
Bg7 41. Rg1 Rc4 42. Rd1 f5 43. Bh2 fxg4 44. fxg4 Bf6 45. Bg3 Rc8 46. Rh1 Bg5
47. Bh4 Rh8 48. Ne4 Bxh4 49. Rxh4 d5 50. Nd2 Rc8 51. Rh5 Rc2 52. b3 Rc6 53. Nf3
Rc2+ 54. Nd2 e6 55. Re5 Rc6 56. Nf3 Na2 57. e4 dxe4 58. Nd2 Kf7 59. Ke3 Nc1 60.
Rb5 Na2 61. Nc4 Kf6 62. Nd2 Nb4 63. Nxe4+ Kg6 64. Re5 Nd5+ 65. Kd2 Kg7 66. Nf2
Nb4 67. Nd3 Rc2+ 68. Kd1 Nxd3 69. Rxe6 Rg2 70. Rxb6 Rxg4 71. Rb5 Rg5 72. d5 Nb4
73. Rxa5 Rxd5+ 74. Rxd5 Nxd5 75. Ke2 Nb4 76. Ke3 h5 77. Ke4 Kg6 78. Kf4 Kf6 79.
a5 Kg6 80. Ke4 h4 81. Kf4 Kh5 82. Kf3 Kg5 83. Kf2 Kg4 84. Kg2 h3+ 85. Kh2 Kh4
86. Kh1 Kg3 0-1

[Event "26th Chicago Open"]
[Site "Wheeling, IL"]
[Date "2017.05.28"]
[Round "7.12"]
[White "Feng, Maggie"]
[Black "Georgiev, Vladimir"]
[Result "0-1"]
[WhiteElo "2298"]
[BlackElo "2511"]
[PlyCount "118"]
[EventDate "2017.05.??"]
[EventType "swiss"]
[EventRounds "9"]
[EventCountry "USA"]

1. Nf3 b6 2. g3 Bb7 3. Bg2 e5 4. d3 d6 5. c4 Be7 6. Nc3 h5 7. h4 Nf6 8. Bg5
Nbd7 9. O-O Nc5 10. d4 exd4 11. Nxd4 Bxg2 12. Kxg2 Qd7 13. e3 Ne6 14. Nxe6 fxe6
15. Kg1 Ng4 16. Bxe7 Kxe7 17. Ne4 Raf8 18. Ng5 Rf6 19. Qd4 Qc6 20. Qe4 Qxe4 21.
Nxe4 Rf5 22. Ng5 Rhf8 23. f4 Nxe3 24. Rfe1 Rxg5 25. Rxe3 Rg4 26. Kh2 a5 27.
Rae1 Rg6 28. b3 Kd7 29. a3 Rf5 30. Re4 Rgf6 31. Kg2 b5 32. R1e3 Rc5 33. Kh3
bxc4 34. bxc4 a4 35. Re2 Rc6 36. R2e3 Ra6 37. Re2 g6 38. Kg2 c5 39. Rb2 d5 40.
cxd5 exd5 41. Rb7+ Kc6 42. Ree7 Rb6 43. Rbc7+ Kb5 44. Re1 Rfe6 45. Rb1+ Ka6 46.
Rd1 Rb2+ 47. Kf1 Re3 48. Rxd5 Rxa3 49. Rd6+ Rb6 50. Rd2 Rxg3 51. Rxc5 Rf3+ 52.
Ke2 Rxf4 53. Rd8 Rxh4 54. Ra8+ Kb7 55. Rca5 Kc7 56. R8a7+ Kd6 57. Rg5 Rh2+ 58.
Kf3 Rb3+ 59. Kf4 Rh4+ 0-1

[Event "26th Chicago Open"]
[Site "Wheeling, IL"]
[Date "2017.05.28"]
[Round "7.13"]
[White "Niemann, Hans"]
[Black "Nakar, Eylon"]
[Result "1/2-1/2"]
[WhiteElo "2282"]
[BlackElo "2476"]
[PlyCount "172"]
[EventDate "2017.05.??"]
[EventType "swiss"]
[EventRounds "9"]
[EventCountry "USA"]

1. d4 Nf6 2. c4 g6 3. Nc3 Bg7 4. e4 d6 5. Nf3 O-O 6. Be2 e5 7. dxe5 dxe5 8.
Qxd8 Rxd8 9. Bg5 Re8 10. O-O-O Na6 11. Ne1 Nc5 12. f3 Ne6 13. Be3 c6 14. Nc2
Bf8 15. Rd2 Bc5 16. Bxc5 Nxc5 17. b4 Ne6 18. Rhd1 b6 19. Na4 Ba6 20. Rd6 Rac8
21. Bf1 Kg7 22. g3 Kf8 23. b5 cxb5 24. cxb5 Bb7 25. Kb2 Ke7 26. Bh3 Rcd8 27.
Rxd8 Rxd8 28. Rxd8 Nxd8 29. Nb4 Ne6 30. Bxe6 Kxe6 31. Kc3 Ne8 32. Kd3 Kd6 33.
Kc4 f5 34. Nc3 Nf6 35. Kd3 fxe4+ 36. fxe4 Kc5 37. a3 Ng4 38. h4 Nf2+ 39. Ke3
Ng4+ 40. Kd3 Nf6 41. Na6+ Bxa6 42. bxa6 b5 43. Na2 Nh5 44. g4 Nf4+ 45. Ke3 h6
46. Kf3 Nd3 47. Nc3 Ne1+ 48. Ke2 Nc2 49. Nb1 Kd4 50. Kd2 Ne3 51. Nc3 Nc4+ 52.
Kc2 Nxa3+ 53. Kb3 Kc5 54. Nd5 Nc4 55. Ne7 g5 56. h5 Nd6 57. Ng8 Nf7 58. Nf6 Kb6
59. Kb4 Kxa6 60. Nd7 Kb7 61. Kxb5 Nd6+ 62. Kc5 Nxe4+ 63. Kd5 Nf2 64. Nxe5 a5
65. Kc4 a4 66. Kb4 Kb6 67. Nc4+ Kc6 68. Ne3 Kd7 69. Kxa4 Ke6 70. Kb4 Ke5 71.
Kc3 Kf4 72. Kd4 Nxg4 73. Nd5+ Kg3 74. Ke4 Kh4 75. Kf5 Kxh5 76. Ne7 Ne3+ 77. Ke4
Ng4 78. Kf5 Ne3+ 79. Ke4 Ng2 80. Kf5 Nh4+ 81. Kf6 g4 82. Nd5 g3 83. Nf4+ Kg4
84. Ne2 h5 85. Nxg3 Kxg3 86. Kg5 Kh3 1/2-1/2

[Event "26th Chicago Open"]
[Site "Wheeling, IL"]
[Date "2017.05.28"]
[Round "7.14"]
[White "Tarjan, James"]
[Black "Mandizha, Farai"]
[Result "1/2-1/2"]
[WhiteElo "2411"]
[BlackElo "2342"]
[PlyCount "81"]
[EventDate "2017.05.??"]
[EventType "swiss"]
[EventRounds "9"]
[EventCountry "USA"]

1. c4 e5 2. g3 Nf6 3. Bg2 Bc5 4. Nc3 O-O 5. e3 Nc6 6. Nge2 d5 7. cxd5 Nb4 8.
O-O Nbxd5 9. Nxd5 Nxd5 10. d4 exd4 11. Nxd4 c6 12. Nb3 Bb6 13. Bd2 Re8 14. Qc2
a5 15. a3 a4 16. Nc5 Bxc5 17. Qxc5 Nf4 18. Rad1 Nxg2 19. Bc3 Qc7 20. Kxg2 f6
21. f3 b6 22. Qd6 Qb7 23. Qf4 Qa6 24. Rf2 Be6 25. g4 Qb5 26. h4 h6 27. Rfd2 Rf8
28. e4 Bb3 29. Re1 Rf7 30. Qf5 Qxf5 31. gxf5 Rc8 32. Re3 Bc4 33. Kg3 Rcc7 34.
Rd8+ Rf8 35. Rd6 Rff7 36. f4 Rfd7 37. Rxd7 Rxd7 38. e5 Rd3 39. Kf2 Rxe3 40.
Kxe3 Kf7 41. Bd4 1/2-1/2

[Event "26th Chicago Open"]
[Site "Wheeling, IL"]
[Date "2017.05.28"]
[Round "7.16"]
[White "Troff, Kayden"]
[Black "Song, Edward"]
[Result "1/2-1/2"]
[WhiteElo "2482"]
[BlackElo "2302"]
[PlyCount "66"]
[EventDate "2017.05.??"]
[EventType "swiss"]
[EventRounds "9"]
[EventCountry "USA"]

1. d4 d5 2. c4 c6 3. Nf3 Nf6 4. Nc3 e6 5. e3 Nbd7 6. Qc2 Bd6 7. Bd3 O-O 8. O-O
e5 9. cxd5 cxd5 10. e4 exd4 11. Nxd5 Nxd5 12. exd5 h6 13. b3 Nf6 14. Bb2 Nxd5
15. Bc4 Nb6 16. Rad1 Qc7 17. Rxd4 Nxc4 18. Rxc4 Qa5 19. b4 Qb6 20. Re1 Rd8 21.
Rh4 Bf8 22. h3 Bd7 23. Ne5 Rac8 24. Qe4 Be6 25. Ng4 Bxg4 26. Rxg4 Rc6 27. Qf5
Re6 28. Rxe6 Qxe6 29. Qxe6 fxe6 30. Rd4 Rxd4 31. Bxd4 a6 32. Bc3 Kf7 33. Kf1 e5
1/2-1/2